00835nam a2200229 a 4500001001000000005001700010008004100027020001500068040001800083050002500101100003600126245008900162260005700251300002400308500003400332504003200366650004800398650002700446942001100473999001500484952010600499BRCA_220220190320203719.0860520s1986 ctua---##b---#001-0#eng-# a0803830645 aDLCcDLCdDLC 4aNK2435.A6b.K38 19861 aKatz, Sali Barnettd1942-9663110aHispanic Furnitureban American Collection from the Southwestcby Sali Barnett Katz. aEstados UnidosbArchitectural Book Publishingcc1986 a224 p.bil.c29 cm. aIncluye índice alfabético aBibliografía : p. 217-21914aMuebles de España colonialzArizona9663214aMuebleszArizona96633 2lcccB c1958d1958 00104070aBRCAbBRCAd2008-08-14l0oNK2435.A6 .K38 1986p01800r2019-03-22 00:00:00w2019-03-22yB